000 00336nam a2200133 i 4500
001 bg
100 1 _aNOWAKOWSKI, Romuald
245 0 _aWyznaczanie przepływów energii elektrycznej /
_cRomuald Nowakowski.
260 _aSzczecin,
_c1979.
040 _cBPK
041 _apol
942 _cKS
008 s pl f |000 0 pol
999 _c19094
_d19094
856 _uhttp://koha.tu.koszalin.pl/cgi-bin/koha/opac-detail.pl?biblionumber=19094
_yKatalog online BPK